[Event "Valencia-chA"]
[Site "Mislata"]
[Date "2003.??.??"]
[Round "7"]
[White "Coret Frasquet, Jose"]
[Black "Beso Portales, Cesar"]
[Result "1/2-1/2"]
[WhiteElo "2258"]
[BlackElo "2236"]
[PlyCount "86"]
[EventDate "2003.10.11"]
[EventType "swiss"]
[EventRounds "9"]
[EventCountry "ESP"]
[SourceTitle "CBM 097 Extra"]
[Source "ChessBase"]
[SourceDate "2004.01.13"]
[SourceVersion "1"]
[SourceVersionDate "2004.01.13"]
[SourceQuality "1"]

1. e4 e5 2. Nf3 Nf6 3. Nxe5 d6 4. Nf3 Nxe4 5. d4 d5 6. Bd3 Bd6 7. 0-0 0-0 8. c4 c6 9. Nc3 Nxc3 10. bxc3 dxc4 11. Bxc4 Bg4 12. Qd3 Nd7 13. Ng5 Nf6 14. h3 Bd7 15. a4 Qc8 16. Re1 Bf5 17. Qf1 Qc7 18. g4 Bd7 19. f4 h6 20. Ne4 Nxe4 21. Rxe4 Rae8 22. Rxe8 Rxe8 23. Bd2 Be6 24. Re1 Qc8 25. Bxe6 Rxe6 26. f5 Rxe1 27. Qxe1 Qd8 28. Kg2 Kf8 29. Qe4 Be7 30. c4 Bd6 31. d5 cxd5 32. Qxd5 Be7 33. Qxd8+ Bxd8 34. Bf4 Bf6 35. Be3 a6 36. Kf3 Ke7 37. Ke4 Kd7 38. Bf4 Be7 39. Be5 g6 40. fxg6 fxg6 41. Bg7 h5 42. Be5 Bd6 43. Bf6 Bc7 1/2-1/2

[Event "Autonomico-chT"]
[Site "Aragon"]
[Date "2003.??.??"]
[Round "?"]
[White "Coret Frasquet, Jose"]
[Black "Galindo Rodriguez, Francisco"]
[Result "1/2-1/2"]
[WhiteElo "2269"]
[BlackElo "2198"]
[PlyCount "101"]
[EventDate "2003.??.??"]
[EventType "team-tourn"]
[EventRounds "9"]
[EventCountry "ESP"]
[SourceTitle "EXT 2007"]
[Source "ChessBase"]
[SourceDate "2006.11.23"]
[SourceVersion "1"]
[SourceVersionDate "2006.11.23"]
[SourceQuality "1"]

1. d4 Nf6 2. c4 e5 3. dxe5 Ng4 4. Bf4 g5 5. Bd2 Nxe5 6. Bc3 Bg7 7. e3 Qe7 8. Be2 Bf6 9. Nf3 d6 10. Qc2 Nbc6 11. Nbd2 Nxf3+ 12. Nxf3 Bxc3+ 13. Qxc3 Ne5 14. 0-0-0 f6 15. Nd4 Bg4 16. f3 Bd7 17. h4 0-0-0 18. hxg5 fxg5 19. e4 h5 20. Nb3 c5 21. Na1 h4 22. Nc2 Rhf8 23. b4 Ba4 24. b5 Bxc2 25. Kxc2 Rf4 26. Rd5 g4 27. Qd2 Ng6 28. Rd1 Qf6 29. Rxd6 Rxd6 30. Qxd6 Qxd6 31. Rxd6 Ne5 32. Rd5 gxf3 33. gxf3 Nxf3 34. Rxc5+ Kd7 35. Bxf3 Rxf3 36. Rh5 h3 37. Rh7+ Kd6 38. Kd2 b6 39. a4 Ra3 40. Rxa7 h2 41. Rh7 Rxa4 42. Kd3 Ra2 43. Ke3 Rg2 44. Kf4 Rf2+ 45. Kg3 Re2 46. Rxh2 Rxe4 47. Rh6+ Ke5 48. Rc6 Kd4 49. Kf3 Re3+ 50. Kf4 Rc3 51. Rxb6 1/2-1/2

[Event "Autonomico-chT"]
[Site "Aragon"]
[Date "2003.??.??"]
[Round "?"]
[White "Garcia Tejera, Daniel"]
[Black "Coret Frasquet, Jose"]
[Result "0-1"]
[WhiteElo "2072"]
[BlackElo "2269"]
[PlyCount "62"]
[EventDate "2003.??.??"]
[EventType "team-tourn"]
[EventRounds "9"]
[EventCountry "ESP"]
[SourceTitle "EXT 2007"]
[Source "ChessBase"]
[SourceDate "2006.11.23"]
[SourceVersion "1"]
[SourceVersionDate "2006.11.23"]
[SourceQuality "1"]

1. Nf3 d5 2. g3 Nf6 3. Bg2 c6 4. 0-0 Bf5 5. d3 e6 6. Nbd2 h6 7. Re1 Nbd7 8. e4 Bh7 9. e5 Ng8 10. h4 Ne7 11. Nf1 c5 12. c3 Nc6 13. Bf4 Be7 14. Qd2 Qb6 15. N1h2 0-0-0 16. Rad1 Kb8 17. Ng4 Ka8 18. Ne3 Rdg8 19. Nc2 Bf5 20. a3 Bg4 21. b4 g5 22. hxg5 hxg5 23. bxc5 Qc7 24. Be3 Ncxe5 25. Nxe5 Nxe5 26. Nd4 Bxc5 27. f3 Bxd4 28. fxg4 Bxc3 29. Qc2 Nxg4 30. d4 Qxg3 31. Qxc3 Rh1+ 0-1

[Event "Mislata op 10th"]
[Site "Mislata"]
[Date "2001.08.24"]
[Round "5.8"]
[White "Pelletier, Yannick"]
[Black "Coret Frasquet, Jose"]
[Result "1-0"]
[WhiteElo "2531"]
[BlackElo "2282"]
[PlyCount "91"]
[EventDate "2001.08.20"]
[EventType "swiss"]
[EventRounds "9"]
[EventCountry "ESP"]
[SourceTitle "EXT 2002"]
[Source "ChessBase"]
[SourceDate "2001.11.25"]
[SourceVersion "1"]
[SourceVersionDate "2001.11.25"]
[SourceQuality "1"]

1. d4 e6 2. c4 b6 3. a3 Bb7 4. Nc3 Nf6 5. d5 exd5 6. cxd5 d6 7. g3 g6 8. Bg2 Bg7 9. Nf3 0-0 10. 0-0 Re8 11. Nd4 Nbd7 12. b3 Qe7 13. Bb2 Nc5 14. Rc1 Qe5 15. b4 Nce4 16. Nxe4 Nxe4 17. Rxc7 Qxd5 18. f3 Nf6 19. e4 Qa2 20. Rf2 Bc8 21. Bc3 Qxa3 22. Nb5 Qa6 23. Bf1 Be6 24. Nxd6 Qa3 25. Nxe8 Nxe8 26. Bxg7 Nxc7 27. Qd4 Qa4 28. Bh6 Ne8 29. f4 Qd7 30. Qb2 Rc8 31. Rd2 Qc6 32. Qd4 a5 33. b5 Qc5 34. Qxc5 Rxc5 35. f5 gxf5 36. Be3 Rc3 37. Bxb6 fxe4 38. Rd8 Kf8 39. Bxa5 Rb3 40. Rd4 Rb1 41. Rxe4 Nd6 42. Bb4 Ke7 43. Kf2 Rd1 44. Be2 Rd5 45. Bc4 Rf5+ 46. Ke3 1-0

[Event "ESP-chT2"]
[Site "Vila Real"]
[Date "2001.08.16"]
[Round "4"]
[White "Rebole Arbea, Jose Ignacio"]
[Black "Coret Frasquet, Jose"]
[Result "0-1"]
[WhiteElo "2188"]
[BlackElo "2282"]
[PlyCount "114"]
[EventDate "2001.08.13"]
[EventType "team-tourn"]
[EventRounds "7"]
[EventCountry "ESP"]
[SourceTitle "EXT 2002"]
[Source "ChessBase"]
[SourceDate "2001.11.25"]
[SourceVersion "1"]
[SourceVersionDate "2001.11.25"]
[SourceQuality "1"]

1. d4 f5 2. c4 Nf6 3. g3 g6 4. Bg2 Bg7 5. Nf3 0-0 6. 0-0 d6 7. Nc3 Nc6 8. d5 Ne5 9. Nxe5 dxe5 10. e4 f4 11. gxf4 exf4 12. e5 Ng4 13. e6 Ne5 14. Re1 Nxc4 15. Re4 Nd6 16. Rxf4 Be5 17. Rxf8+ Qxf8 18. Qg4 Qf5 19. Qxf5 Nxf5 20. Bd2 Nd6 21. b3 b5 22. Rc1 Bb7 23. Bg5 Kf8 24. Nd1 Nf5 25. Ne3 Nd4 26. Kf1 a5 27. Rd1 a4 28. b4 a3 29. Bh6+ Ke8 30. f4 Bh8 31. Rc1 Kd8 32. Bg5 Rc8 33. Ng4 Nf5 34. Be4 Nd6 35. Bf3 Nc4 36. Ke2 Bd4 37. Nf2 Ke8 38. h4 Rd8 39. h5 Bxd5 40. hxg6 hxg6 41. Bxd5 Rxd5 42. Ne4 Bb2 43. Rh1 Nd6 44. Nc5 Nf5 45. Rh7 Bg7 46. Rh3 Bb2 47. Rh7 Rd6 48. Kf3 Bd4 49. Kg4 Kf8 50. Rf7+ Ke8 51. Rh7 Bg7 52. Rh3 Bb2 53. Rh7 Rd1 54. Nd7 Re1 55. Ne5 Kf8 56. Rf7+ Kg8 57. Bxe7 Nh6+ 0-1

[Event "ESP-chT2"]
[Site "Vila Real"]
[Date "2001.08.15"]
[Round "3"]
[White "Coret Frasquet, Jose"]
[Black "Camarena Gimenez, Rufino"]
[Result "1/2-1/2"]
[WhiteElo "2282"]
[BlackElo "2328"]
[PlyCount "63"]
[EventDate "2001.08.13"]
[EventType "team-tourn"]
[EventRounds "7"]
[EventCountry "ESP"]
[SourceTitle "EXT 2002"]
[Source "ChessBase"]
[SourceDate "2001.11.25"]
[SourceVersion "1"]
[SourceVersionDate "2001.11.25"]
[SourceQuality "1"]

1. e4 e6 2. d4 d5 3. Nc3 Bb4 4. exd5 exd5 5. Bd3 Nc6 6. a3 Bxc3+ 7. bxc3 Nge7 8. Ne2 Bf5 9. Ng3 Bxd3 10. cxd3 Qd7 11. Qf3 g6 12. 0-0 f5 13. Re1 0-0-0 14. Rb1 Rde8 15. Bf4 Kb8 16. Nf1 h6 17. h4 Reg8 18. Qe3 g5 19. hxg5 Ng6 20. gxh6 Nxf4 21. Qxf4 Rg4 22. Qe3 Rh4 23. f4 R4xh6 24. Kf2 Rg6 25. Qf3 a6 26. Ne3 Ne7 27. Rb3 Rhg8 28. Reb1 b6 29. Rh1 Qe6 30. Rh3 Qd6 31. g3 Re8 32. Rh1 1/2-1/2

[Event "ESP-chT2"]
[Site "Vila Real"]
[Date "2001.??.??"]
[Round "6"]
[White "Herrero Sabartes, Joan"]
[Black "Coret Frasquet, Jose"]
[Result "1/2-1/2"]
[WhiteElo "2325"]
[BlackElo "2282"]
[PlyCount "36"]
[EventDate "2001.08.13"]
[EventType "team-tourn"]
[EventRounds "7"]
[EventCountry "ESP"]
[SourceTitle "EXT 2003"]
[Source "ChessBase"]
[SourceDate "2002.11.25"]
[SourceVersion "1"]
[SourceVersionDate "2002.11.25"]
[SourceQuality "1"]

1. e4 c5 2. Nf3 e6 3. d3 d5 4. Nbd2 Nc6 5. g3 b6 6. Bg2 dxe4 7. Nxe4 Bb7 8. 0-0 Be7 9. Nfg5 Nf6 10. Nxf6+ Bxf6 11. Qh5 Qe7 12. Ne4 0-0 13. Nxf6+ Qxf6 14. Be4 g6 15. Qf3 Qxf3 16. Bxf3 Rfd8 17. Be3 Rd7 18. Rad1 Nb4 1/2-1/2

[Event "Mislata op 09th"]
[Site "Mislata"]
[Date "2000.08.23"]
[Round "7"]
[White "Garrido Olivares, Ricard"]
[Black "Coret Frasquet, Jose"]
[Result "1/2-1/2"]
[WhiteElo "2143"]
[BlackElo "2251"]
[PlyCount "59"]
[EventDate "2000.08.17"]
[EventType "swiss"]
[EventRounds "9"]
[EventCountry "ESP"]
[SourceTitle "EXT 2001"]
[Source "ChessBase"]
[SourceDate "2000.11.22"]
[SourceVersion "1"]
[SourceVersionDate "2000.11.22"]
[SourceQuality "1"]

1. d4 g6 2. c4 Bg7 3. Nc3 d6 4. e4 Nf6 5. Be2 Na6 6. Nf3 c5 7. 0-0 0-0 8. Re1 Bg4 9. d5 Nc7 10. Nd2 Bd7 11. f4 Nfe8 12. Bd3 Bd4+ 13. Kh1 e5 14. f5 Ng7 15. Qf3 Qh4 16. g3 Qh3 17. Rf1 f6 18. g4 Qxf3+ 19. Rxf3 g5 20. a4 a6 21. Ndb1 h5 22. h3 Kf7 23. Be2 Rh8 24. Kg2 Rh7 25. Rg3 Rah8 26. Nd1 hxg4 27. hxg4 Rh1 28. Kf3 R8h2 29. Rg2 Rh3+ 30. Rg3 1/2-1/2

[Event "Mislata op 09th"]
[Site "Mislata"]
[Date "2000.08.20"]
[Round "4"]
[White "Coret Frasquet, Jose"]
[Black "Alberola Mulet, Jairo"]
[Result "1-0"]
[WhiteElo "2251"]
[BlackElo "2089"]
[PlyCount "39"]
[EventDate "2000.08.17"]
[EventType "swiss"]
[EventRounds "9"]
[EventCountry "ESP"]
[SourceTitle "EXT 2001"]
[Source "ChessBase"]
[SourceDate "2000.11.22"]
[SourceVersion "1"]
[SourceVersionDate "2000.11.22"]
[SourceQuality "1"]

1. d4 Nf6 2. c4 e6 3. Nc3 Bb4 4. f3 Nh5 5. Nh3 f5 6. e3 b6 7. Be2 Nf6 8. 0-0 Bb7 9. Qb3 Qe7 10. a3 Bxc3 11. Qxc3 d6 12. b4 Nbd7 13. Bb2 0-0 14. Bd3 g6 15. Rad1 a5 16. Nf2 axb4 17. axb4 e5 18. c5 bxc5 19. bxc5 Ba6 20. Bxa6 1-0

[Event "Mislata op 8th"]
[Site "Valencia"]
[Date "1999.??.??"]
[Round "7"]
[White "Coret Frasquet, Jose"]
[Black "Vedreno Rios, Jose Vicente"]
[Result "1-0"]
[WhiteElo "2257"]
[BlackElo "2007"]
[PlyCount "81"]
[EventDate "1999.01.??"]
[EventType "swiss"]
[EventRounds "9"]
[EventCountry "ESP"]
[SourceTitle "EXT 2000"]
[Source "ChessBase"]
[SourceDate "1999.11.16"]
[SourceVersion "1"]
[SourceVersionDate "1999.11.16"]
[SourceQuality "1"]

1. d4 d5 2. Nf3 Nf6 3. c4 e6 4. Nc3 Be7 5. e3 0-0 6. b3 c6 7. Bb2 Nbd7 8. Bd3 Bb4 9. 0-0 Bxc3 10. Bxc3 Ne4 11. Bb2 f5 12. Nd2 Qg5 13. Qe2 Ndf6 14. f3 Nxd2 15. Qxd2 Bd7 16. Ba3 Rf7 17. Bd6 Rd8 18. Rae1 Bc8 19. c5 b5 20. a4 a6 21. axb5 axb5 22. Ra1 Ne8 23. Be5 Rb7 24. Ra6 Bd7 25. Rfa1 Rc8 26. Ra7 Rxa7 27. Rxa7 Qd8 28. Qa2 Nf6 29. Kf2 h6 30. Qa6 Kf7 31. Qb7 Ke8 32. g4 Ke7 33. gxf5 Qe8 34. fxe6 Kxe6 35. Bxf6 gxf6 36. Qxd7+ Qxd7 37. Rxd7 Kxd7 38. Bf5+ Kc7 39. Bxc8 Kxc8 40. Kg3 Kd7 41. Kg4 1-0

[Event "Mislata op 7th"]
[Site "Valencia"]
[Date "1998.08.17"]
[Round "5.8"]
[White "Coret Frasquet, Jose"]
[Black "Llobel Cortell, Enrique"]
[Result "1/2-1/2"]
[WhiteElo "2300"]
[BlackElo "2160"]
[PlyCount "151"]
[EventDate "1998.08.13"]
[EventType "swiss"]
[EventRounds "9"]
[EventCountry "ESP"]
[SourceTitle "EXT 2000"]
[Source "ChessBase"]
[SourceDate "1999.11.16"]
[SourceVersion "1"]
[SourceVersionDate "1999.11.16"]
[SourceQuality "1"]

1. g3 e5 2. Bg2 Nc6 3. a3 d6 4. c4 f5 5. d3 Nf6 6. Nc3 Be7 7. b4 0-0 8. Nf3 Qe8 9. e3 h6 10. Nd5 Bd8 11. b5 Nb8 12. Rb1 Nxd5 13. cxd5 g5 14. 0-0 Nd7 15. Ne1 Nf6 16. f4 exf4 17. exf4 g4 18. Nc2 Qf7 19. Ne3 b6 20. Re1 a6 21. a4 axb5 22. axb5 Nd7 23. Qc2 Nf6 24. Bb2 Qd7 25. Nc4 Bb7 26. Re6 Kh7 27. Rbe1 Qxb5 28. Nxd6 cxd6 29. Re7+ Kg6 30. Rxb7 Ra2 31. Re2 Qc5+ 32. Qxc5 bxc5 33. Re6 Re8 34. Kf1 Rf8 35. Rxd6 Ba5 36. Ra7 Rxb2 37. Rxa5 Rb1+ 38. Kf2 Rfb8 39. Bf1 R8b2+ 40. Be2 Rb6 41. Rxb6 Rxb6 42. Rxc5 Rd6 43. Bf1 Nxd5 44. Ra5 Kf6 45. Ke2 Ke6 46. Kd2 Rb6 47. d4 Rb2+ 48. Kc1 Rb4 49. Ra6+ Rb6 50. Kd2 Rxa6 51. Bxa6 Kd6 52. Bb7 Ne7 53. Kd3 Ng8 54. Kc4 Ne7 55. Bg2 Ng6 56. d5 h5 57. Kd4 h4 58. Bf1 hxg3 59. hxg3 Ne7 60. Bd3 Nxd5 61. Bxf5 Nf6 62. Bg6 Ke6 63. Ke3 Nd5+ 64. Kd4 Nf6 65. Kc5 Nd7+ 66. Kc4 Nf6 67. Kd4 Nd7 68. Bd3 Nf6 69. Ke3 Nd5+ 70. Kf2 Nf6 71. Ba6 Kf5 72. Bb7 Ke6 73. Bc8+ Kd5 74. Bf5 Kd4 75. Bxg4 Nxg4+ 76. Kf3 1/2-1/2

[Event "ESP-chT"]
[Site "Spain"]
[Date "1998.??.??"]
[Round "?"]
[White "Anguix Garrido, Juan Francisco"]
[Black "Coret Frasquet, Jose"]
[Result "1-0"]
[WhiteElo "2405"]
[BlackElo "2300"]
[PlyCount "71"]
[EventDate "1998.??.??"]
[EventType "team-tourn"]
[EventRounds "9"]
[EventCountry "ESP"]
[SourceTitle "EXT 2004"]
[Source "ChessBase"]
[SourceDate "2003.11.25"]
[SourceVersion "1"]
[SourceVersionDate "2003.11.25"]
[SourceQuality "1"]

1. e4 c5 2. Nc3 e6 3. f4 a6 4. Nf3 b5 5. g3 Bb7 6. d3 d5 7. e5 Nh6 8. Bg2 Nc6 9. 0-0 Be7 10. Ne2 Qb6 11. Bd2 Nf5 12. g4 c4+ 13. Kh1 cxd3 14. gxf5 dxe2 15. Qxe2 0-0-0 16. fxe6 fxe6 17. c3 Kb8 18. a4 h6 19. Be3 Bc5 20. Bxc5 Qxc5 21. Nd4 Nxd4 22. cxd4 Qxd4 23. axb5 axb5 24. Qxb5 Rc8 25. Ra4 Qc5 26. Qb3 Qc2 27. Qa3 Qc5 28. Qh3 Rc6 29. f5 exf5 30. Qxf5 Qc2 31. Qxc2 Rxc2 32. Rb4 Rd8 33. Rb6 Rc7 34. e6 Ka7 35. Rb3 Rd6 36. Rf7 1-0

[Event "Autonomico-chT"]
[Site "Aragon"]
[Date "1997.??.??"]
[Round "?"]
[White "Castillo Martinez, Alberto"]
[Black "Coret Frasquet, Jose"]
[Result "0-1"]
[WhiteElo "2165"]
[BlackElo "2260"]
[PlyCount "90"]
[EventDate "1997.??.??"]
[EventType "team-tourn"]
[EventRounds "19"]
[EventCountry "ESP"]
[SourceTitle "EXT 2003"]
[Source "ChessBase"]
[SourceDate "2002.11.25"]
[SourceVersion "1"]
[SourceVersionDate "2002.11.25"]
[SourceQuality "1"]

1. e4 c5 2. Nf3 e6 3. d4 cxd4 4. Nxd4 a6 5. c4 Nf6 6. Nc3 Qc7 7. Be2 b6 8. 0-0 Bb7 9. f3 d6 10. Be3 Nbd7 11. Rc1 Rc8 12. b4 Be7 13. Nb3 0-0 14. Qd4 Qb8 15. Rfd1 Rfe8 16. f4 e5 17. Qd3 exf4 18. Bxf4 Ne5 19. Qd4 Bf8 20. Nd5 Bxd5 21. exd5 Nxc4 22. Bxc4 Re4 23. Qd3 Rxf4 24. Bxa6 Rxc1 25. Rxc1 Rxb4 26. Nd4 Qe8 27. a3 Ra4 28. Bb7 Qe5 29. Nf3 Qb2 30. Rb1 Qxa3 31. Qxa3 Rxa3 32. Rxb6 Ra5 33. Nd4 Nxd5 34. Nb3 Nxb6 35. Nxa5 f5 36. Nc4 Na4 37. Ne3 g6 38. Kf2 Kf7 39. Bd5+ Kf6 40. Bb3 Nc5 41. Nd5+ Ke5 42. Ba2 Nd3+ 43. Ke3 Nc1 44. Bc4 Bh6+ 45. Kf3 Kd4 0-1

[Event "Autonomico-chT"]
[Site "Aragon"]
[Date "1997.??.??"]
[Round "?"]
[White "Coret Frasquet, Jose"]
[Black "Gomez Cabrero Lopez, Rafael"]
[Result "1-0"]
[WhiteElo "2260"]
[BlackElo "2135"]
[PlyCount "73"]
[EventDate "1997.??.??"]
[EventType "team-tourn"]
[EventRounds "19"]
[EventCountry "ESP"]
[SourceTitle "EXT 2003"]
[Source "ChessBase"]
[SourceDate "2002.11.25"]
[SourceVersion "1"]
[SourceVersionDate "2002.11.25"]
[SourceQuality "1"]

1. g3 d6 2. Bg2 e5 3. Nf3 Nf6 4. d4 Nbd7 5. 0-0 Be7 6. c4 c6 7. Nc3 0-0 8. e4 Qc7 9. h3 Ne8 10. Qc2 g6 11. Bh6 Ng7 12. Rad1 f5 13. b4 Nf6 14. c5 fxe4 15. cxd6 Bxd6 16. Nxe5 Bxe5 17. dxe5 Qxe5 18. Bf4 Qf5 19. Rfe1 e3 20. Qxf5 exf2+ 21. Kxf2 Bxf5 22. b5 g5 23. Bd6 Rf7 24. Kg1 cxb5 25. Nxb5 Kh8 26. Re7 Rxe7 27. Bxe7 Ne4 28. Nd6 Nxd6 29. Rxd6 Re8 30. Bxg5 Be4 31. Bf1 Rf8 32. Bc4 Bc6 33. Bf6 Be8 34. Be5 Bc6 35. h4 Re8 36. Bd4 Re4 37. Rf6 1-0

[Event "Autonomico-chT"]
[Site "Aragon"]
[Date "1997.??.??"]
[Round "?"]
[White "Coret Frasquet, Jose"]
[Black "Ibanez Aullana, Jose Ramon"]
[Result "0-1"]
[WhiteElo "2260"]
[BlackElo "2210"]
[PlyCount "76"]
[EventDate "1997.??.??"]
[EventType "team-tourn"]
[EventRounds "19"]
[EventCountry "ESP"]
[SourceTitle "EXT 2003"]
[Source "ChessBase"]
[SourceDate "2002.11.25"]
[SourceVersion "1"]
[SourceVersionDate "2002.11.25"]
[SourceQuality "1"]

1. e4 d6 2. d4 Nf6 3. Bd3 e5 4. c3 Nc6 5. Nf3 Bg4 6. d5 Ne7 7. Qb3 Bc8 8. c4 Nd7 9. Be3 g6 10. Qa4 Bg7 11. c5 dxc5 12. Bxc5 0-0 13. Ba3 Re8 14. Nbd2 Nb6 15. Qb3 Bd7 16. Nc4 Ba4 17. Qb4 Nexd5 18. exd5 e4 19. 0-0 exf3 20. Rfe1 a5 21. Qc5 Nxd5 22. Be4 Rxe4 23. Rxe4 b6 24. Nxb6 cxb6 25. Qc1 Rc8 26. Qe1 Bc2 27. Rg4 Bf5 28. Rg3 b5 29. Rd1 b4 30. gxf3 bxa3 31. bxa3 Be6 32. f4 Qf6 33. Qe5 Nxf4 34. Qxf6 Ne2+ 35. Kg2 Bxf6 36. Re3 Bd5+ 37. Kf1 Nf4 38. h3 Rc2 0-1

[Event "ESP op"]
[Site "Spain"]
[Date "1997.??.??"]
[Round "8"]
[White "Coret Frasquet, Jose"]
[Black "Moreno Carnero, Javier"]
[Result "0-1"]
[WhiteElo "2260"]
[BlackElo "2370"]
[PlyCount "84"]
[EventDate "1997.??.??"]
[EventType "swiss"]
[EventRounds "9"]
[EventCountry "ESP"]
[SourceTitle "EXT 2004"]
[Source "ChessBase"]
[SourceDate "2003.11.25"]
[SourceVersion "1"]
[SourceVersionDate "2003.11.25"]
[SourceQuality "1"]

1. e4 c5 2. Nf3 d6 3. d4 cxd4 4. Nxd4 Nf6 5. Nc3 a6 6. f4 Qc7 7. Bd3 b5 8. 0-0 g6 9. Kh1 Nbd7 10. Qe2 Bb7 11. a3 Bg7 12. Nf3 0-0 13. Bd2 e5 14. fxe5 dxe5 15. Qe1 Nh5 16. Qh4 Nf4 17. Ng5 h6 18. Nh3 Nxd3 19. cxd3 Qd8 20. Bg5 f6 21. Bxh6 Nc5 22. Rad1 Ne6 23. Bc1 Qe8 24. Qg3 Rd8 25. Nf2 f5 26. Nh3 a5 27. Bg5 Rd7 28. b4 axb4 29. axb4 Rd4 30. Qh4 Rf7 31. Be3 Rxb4 32. Rb1 Rxb1 33. Rxb1 Qd7 34. Nf2 Bc6 35. exf5 gxf5 36. Qb4 Bf8 37. Qb2 Rg7 38. Rg1 b4 39. Na2 Qd5 40. Nd1 f4 41. Bc1 Qxd3 42. Nf2 Bxg2+ 0-1